000 00591nam a22002057a 4500
003 OSt
008 251115b |||||||| |||| 00| 0 eng d
020 _a9789387210332
082 _a631.34
_bD31F
100 _aDeere, John.
245 _aFarm Machinery : operation, care, and repair /
_cby John Deere
250 _a2nd ed. reprint
260 _a.- 2020
_b: Scientific International
_c, 2020
300 _a239p.
650 _aTechnology (Applied Sciences)
650 _aAgriculture and Related Technologies
650 _aFarm Machinery
650 _aCare and Repair
942 _2ddc
_cBK
999 _c49177
_d49177